Activitats de lleure als espais forestals i rurals /

por Espinach i Grau, Ramon

Publicado: Barcelona : Diputació de Barcelona , 1987
Descripción Física: 4 pàgs. ; il. b/n ; 28 cm.
Colección: Arrel : revista editada per la Diputació de Barcelona ; Núm. 19 (desembre, 1987) ; pàgs. 55-58

MARC

LEADER 00000nab a2200000 a 4500
001 10258
003 Arxiu
005 20260326124741.0
008 160829s9999 xx 000 0 cat d
100 |a Espinach i Grau, Ramon  |9 45215 
245 |a Activitats de lleure als espais forestals i rurals /   |c Ramon Espinach i Grau 
260 |a Barcelona :   |b Diputació de Barcelona ;   |c 1987 
300 |a 4 pàgs. ;   |b il. b/n ;   |c 28 cm. 
490 |a Arrel : revista editada per la Diputació de Barcelona ;   |v Núm. 19 (desembre, 1987) ; pàgs. 55-58  |x 0211-562X 
650 |a Esbarjo a l'aire lliure  |9 45216 
856 4 |u https://media.diba.cat/diba/fitxers/arxiu/hemeroteca/arrel/10258/bib_10258_1987_n03_a11_baixa.pdf  |y Accés lliure 
901 |a Arxiu 
942 |n 1  |2 udc  |c Articles de revista 
952 |0 0  |1 0  |2 udc  |4 0  |6 REV95  |7 1  |9 52446  |a Arxiu  |b Arxiu  |d 2016-12-01  |o Rev-95  |r 2016-12-01 00:00:00  |w 2016-12-01  |y ARXIU 
999 |c 56294  |d 56294 
900 |a bib_10258_1987_n03_a11_baixa.pdf